000 00528nam a2200181Ia 4500
999 _c11246
_d11246
003 OSt
005 20191231103247.0
008 190216s9999||||xx |||||||||||||| ||und||
020 _a9789350517963
040 _coclc
082 _a338.954
_bCHE/T
100 _aCherunilam, Francis
_9546
245 0 _aTwo Decades Of L P G /
_cFrancis Cherunilam
260 _bHimalaya Publishing House,
_c2012.
_aNew Delhi:
300 _a211p
650 _aEconomics
942 _cBK
_2ddc
_h338.954
_iCHE/T
_k338.954
_mCHE/T